书目信息 |
| 题名: |
泳池设计精华
|
|
| 作者: | 切沃 著 ;胡慕辉 译 | |
| 分册: | ||
| 出版信息: | 贵阳 贵州科技出版社 2001.04 |
|
| 页数: | 173页 | |
| 开本: | 23cm | |
| 丛书名: | ||
| 单 册: | ||
| 中图分类: | TU , TU245.3-64 | |
| 科图分类: | ||
| 主题词: | 民用建筑--建筑设计 | |
| 电子资源: | ||
| ISBN: | 7-80662-092-3 | |
| 000 | 00632nam0 2200217 45 | |
| 001 | 0331421578 | |
| 005 | 2003032908434157 | |
| 010 | @a7-80662-092-3@dRMB 138.00 | |
| 100 | @a20030329d2001 km y0chiy0120 ea | |
| 101 | 0 | @achi |
| 102 | @aCN@b520000 | |
| 200 | 1 | @a泳池设计精华@Ayong chi she ji jing hua@f(美)切沃著;胡慕辉译@F(mei)qie wo zhu;hu mu hui yi |
| 210 | @a贵阳@c贵州科技出版社@d2001.04 | |
| 215 | @a173页@d23cm | |
| 606 | 0 | @a民用建筑@x建筑设计 |
| 690 | @aTU@v3 | |
| 690 | @aTU245.3-64@v4 | |
| 701 | 0 | @a切沃@Aqie wo@4著 |
| 702 | 0 | @a胡慕辉@Ahu mu hui@4译 |
| 801 | 0 | @aCN@bPFT@c20030329 |
| 905 | @a10447@dTU245.3-64@eQ374 | |
| 泳池设计精华/(美)切沃著;胡慕辉译.-贵阳:贵州科技出版社,2001.04 |
| 173页;23cm |
| ISBN 7-80662-092-3:RMB 138.00 |
| ● |
| 相关链接 |
|
|
|
正题名:泳池设计精华
索取号:TU245.3-64/Q374
 
预约/预借
| 序号 | 登录号 | 条形码 | 馆藏地/架位号 | 状态 | 备注 |
| 1 | 367574 | 203675745 | 建筑库101/101建筑库 105排1列1层/ [索取号:TU245.3-64/Q374] | 在馆 |